000 00719nam a2200301Ia 4500
005 20260330160925.0
008 008 300114s9999 xx 000 0 eng d
020 _a9789339220877
037 _aEBOOK
040 _aCRL
040 _beng
040 _cCRL
041 _2eng
041 _aeng
084 _qCRL
100 _aKothari
245 0 _aElectrical Engineering Instrumentation ( AU - 2015)
250 _a1
260 _bMcgraw Hill
260 _c2015
365 _aINR
365 _b29400
650 _aElectronics
856 _uhttps://resolver.vitalsource.com/9789339220877/?brand=mcgrawhillindia.vitalsource.com
942 _cEBOOK
999 _c1844300
_d1844300